|
|
|
|
| LEADER |
03461nam a22003973i 4500 |
| 001 |
EBC6955909 |
| 003 |
MiAaPQ |
| 005 |
20231204023223.0 |
| 006 |
m o d | |
| 007 |
cr cnu|||||||| |
| 008 |
231204s2016 xx o ||||0 ger d |
| 020 |
|
|
|a 9783839430002
|q (electronic bk.)
|
| 020 |
|
|
|z 9783837630008
|
| 035 |
|
|
|a (MiAaPQ)EBC6955909
|
| 035 |
|
|
|a (Au-PeEL)EBL6955909
|
| 035 |
|
|
|a (OCoLC)1262689457
|
| 040 |
|
|
|a MiAaPQ
|b eng
|e rda
|e pn
|c MiAaPQ
|d MiAaPQ
|
| 100 |
1 |
|
|a Wehren, Julia.
|
| 245 |
1 |
0 |
|a Körper als Archiv in Bewegung :
|b Choreografie als historiografische Praxis.
|
| 250 |
|
|
|a 1st ed.
|
| 264 |
|
1 |
|a Bielefeld :
|b transcript,
|c 2016.
|
| 264 |
|
4 |
|c {copy}2016.
|
| 300 |
|
|
|a 1 online resource (275 pages)
|
| 336 |
|
|
|a text
|b txt
|2 rdacontent
|
| 337 |
|
|
|a computer
|b c
|2 rdamedia
|
| 338 |
|
|
|a online resource
|b cr
|2 rdacarrier
|
| 490 |
1 |
|
|a TanzScripte
|
| 505 |
0 |
|
|a Cover. Körper als Archiv in Bewegung -- Inhalt -- Einleitung -- Tanzgeschichte auf der Bühne -- Materialien, Methode und Aufbau -- TEIL I - UMBRÜCHE -- Imagination: histoire(s)von Olga de Soto -- Historiografische Praktiken in der Choreografie -- Historisches Bewusstsein im zeitgenössischen Tanz -- Tanz als mentaler Raum -- (Selbst-)Reflexion im zeitgenössischen Tanz -- Zur Frage des Repertoires -- Autorschaft, Werk und Original in Revision -- Choreografie ohne Bewegung -- Positionsbestimmungen in der Gegenwart -- Stabilisierung als Aufbruch -- Überlieferung und Rekonstruktion -- Zur Strategie des Reenactments -- TEIL II - DISPOSITIVE -- Zum Paradigma der Flüchtigkeit -- Tanz als ›reine‹ Bewegung: Marcia B. Siegel -- Verschwinden als Widerstand: Peggy Phelan -- Konsequenzen für die Tanzgeschichtsschreibung -- Dokumente und Dokumentationen von Tanz -- Symbolische und visuelle Aufzeichnungsformen -- Der Körper als ›Dokument‹ -- Zum Potential des Bleibenden: Rebecca Schneider -- Die Aufführung als Spur -- TEIL III - KÖRPER -- Transformation: Mimésix von Foofwa d'Imobilité und Thomas Lebrun -- Distanznahme mittels Parodie -- Körper und Gedächtnis -- Lernen und Gedächtnis -- Der ›denkende‹ Körper -- Körper und Archiv -- Körperarchiv als bewegliches Dispositiv -- Artikulation: Die Flip Book-Reihe von Boris Charmatz -- Tanz als Wissensformation -- Körpertechniken und Tänzerkörper -- TEIL IV - GESCHICHTE(N) -- Geschichtsschreibung im Tanz -- Ansätze einer kritischen Tanzgeschichtsschreibung -- Geschichte als Erzählung -- Narrative Muster in der choreografischen Praxis -- Zugänge und Ordnungsmuster -- ›Bewegliche‹ Tanzgeschichten -- Selektion und Interpretation -- Kontextualisierung und Perspektivierung -- Rollenbild und Forschungspraxis -- Schluss und Ausblick: Choreografie als Historiografie -- Zum Erkenntnispotential für die Tanzgeschichtsschreibung.
|
| 505 |
8 |
|
|a Bibliografie.
|
| 588 |
|
|
|a Description based on publisher supplied metadata and other sources.
|
| 590 |
|
|
|a Electronic reproduction. Ann Arbor, Michigan : ProQuest Ebook Central, 2023. Available via World Wide Web. Access may be limited to ProQuest Ebook Central affiliated libraries.
|
| 655 |
|
4 |
|a Electronic books.
|
| 776 |
0 |
8 |
|i Print version:
|a Wehren, Julia
|t Körper als Archiv in Bewegung
|d Bielefeld : transcript,c2016
|z 9783837630008
|
| 797 |
2 |
|
|a ProQuest (Firm)
|
| 830 |
|
0 |
|a TanzScripte
|
| 856 |
4 |
0 |
|u https://ebookcentral.proquest.com/lib/matrademy/detail.action?docID=6955909
|z Click to View
|